| Tag |
First Indicator |
Second Indicator |
Subfields |
| LEADER |
00000cam a2200000 a 4500 |
| 001 |
in00000010786 |
| 005 |
20151007051923.0 |
| 008 |
860610s1987 ctuaf b 00010aeng |
| 010 |
|
|
|a 86014774
|
| 020 |
|
|
|a 0933806272 :
|c $25.00
|
| 035 |
|
|
|a (OCoLC)13795675
|
| 035 |
|
|
|9 AAA5445AM
|
| 040 |
|
|
|a DLC
|c DLC
|d TXA
|d UtOrBLW
|
| 043 |
|
|
|a a-ja---
|
| 049 |
|
|
|a TXAM
|c [A12638989]
|
| 050 |
0 |
0 |
|a PS3531.O82
|b E95 1987
|
| 082 |
0 |
|
|a 811/.52
|a B
|2 19
|
| 245 |
0 |
0 |
|a Ezra Pound & Japan :
|b letters & essays /
|c edited by Sanehide Kodama.
|
| 250 |
|
|
|a 1st ed.
|
| 264 |
|
1 |
|a Redding Ridge, CT :
|b Black Swan Books,
|c [1987]
|
| 264 |
|
4 |
|c ©1987
|
| 300 |
|
|
|a xvi, 249 pages, 7 unnumbered pages of plates :
|b illustrations ;
|c 24 cm.
|
| 336 |
|
|
|a text
|b txt
|2 rdacontent
|
| 337 |
|
|
|a unmediated
|b n
|2 rdamedia
|
| 338 |
|
|
|a volume
|b nc
|2 rdacarrier
|
| 504 |
|
|
|a Bibliography: pages 216-247.
|
| 600 |
1 |
0 |
|a Pound, Ezra,
|d 1885-1972.
|t Correspondence.
|
| 600 |
1 |
0 |
|a Pound, Ezra,
|d 1885-1972
|x Knowledge
|x Japan.
|
| 650 |
|
0 |
|a Poets, American
|y 20th century
|v Correspondence.
|
| 650 |
|
0 |
|a Artists
|z Japan
|x Correspondence.
|
| 651 |
|
0 |
|a Japan
|x Civilization.
|
| 700 |
1 |
|
|a Pound, Ezra,
|d 1885-1972.
|
| 700 |
1 |
|
|a Kodama, Sanehide,
|d 1932-
|
| 740 |
0 |
|
|a Ezra Pound and Japan.
|
| 999 |
|
|
|a MARS
|
| 999 |
f |
f |
|s ac88d76c-074d-3ae6-8600-7d764b5f469c
|i 5c6936ab-ec9f-3a0d-9a23-c8a9112d9c14
|t 0
|
| 952 |
f |
f |
|p ric
|a Texas A&M University
|b Rellis Campus
|c Joint Library Facility
|d Remote Storage
|t 0
|e PS3531.O82 E95 1987
|h Library of Congress classification
|i unmediated -- volume
|m A14812638989
|
| 998 |
f |
f |
|a PS3531.O82 E95 1987
|t 0
|l Remote Storage
|